000 00420nam a2200157 i 4500
001 90497
003 ES-MaACL
005 20230906180447.0
007 t|
008 050121s1929 fr ||||1| fre d
100 1 _aLegras, Jules.
_971302
245 1 3 _aLa litterature en Russie /
_cpar Jules Legras.
260 _aParis :
_bArmand Colin,
_c1929 (
_fHemmerlé)
300 _a219 p. ;
_c19 cm.
852 _aES-MaACL
_jA-2894
999 _c90497
_d90497